Sporclin' Through the 2000s Quiz Stats

 Plays Quiz Updated Aug 2, 2017

Support Sporcle.
Go Orange.
Score 0/36 Timer 06:00
5 Plays Today
Hint Answer % Correct
 
▼    History    ▼
 
George W. Bush
97.4%
Hillary Clinton
97%
 
▼    Movies    ▼
 
Avatar
96.3%
SpongeBob SquarePants
95.1%
Monsters, Inc.
93.5%
Beyoncé
93.5%
 
▼    Music    ▼
 
Eminem
93%
Up
92.4%
American Idol
92%
Serena Williams
91.3%
Lady Gaga
89.1%
Iron Man
89%
Michael Phelps
85.8%
 
▼    Television    ▼
 
Futurama
85.3%
Mark Zuckerberg
84.6%
The Dark Knight
84.5%
Malcolm in the Middle
79.5%
Usher
78.5%
Hint Answer % Correct
 
▼    Sports    ▼
 
Kobe Bryant
77.5%
PlayStation 2
76.4%
The Sims
73.3%
Million Dollar Baby
71%
Bratz
69.4%
Lost
69.3%
Backstreet Boys
67.6%
Maroon 5
67%
NBA Live 08
66.4%
Star Wars: Knights of the Old Republic
65.2%
The Sopranos
62.3%
Alex Rodriguez
57.9%
Pope Benedict XVI
53.9%
 
▼    Gaming    ▼
 
Portal
41.3%
Randy Moss
35.1%
Alexander Ovechkin
32.7%
Hugo Chávez
28.3%
Sandra Day O'Connor
14.4%

You're not logged in!

Compare scores with friends on all Sporcle quizzes.
OR
Log In
Forgot?

From the Vault

Colombia's Borders

by Wrhodarmer

These countries all have easy access to good coffee.
Remove Ads.
Support Sporcle.
Get the best of Sporcle when you Go Orange. This ad-free experience offers more features, more stats, and more fun while also helping to support Sporcle. Thank you for becoming a member.

Show Comments

Extras

Top Quizzes Today


Score Distribution

Your Account Isn't Verified!

In order to create a playlist on Sporcle, you need to verify the email address you used during registration. Go to your Sporcle Settings to finish the process.

Report this User

Report this user for behavior that violates our Community Guidelines.

Details: